000 00278nam a22001097a 4500
008 170113b xxu||||| |||| 00| 0 eng d
020 _a002-029918
041 _aeng
080 _26TH
_a618.2
245 _aMANUAL OF MEDICAL-SURGICAL NURSING CARE
_cSWEARINGEN, P.L
942 _2udc
_cBK
999 _c2864
_d2864